Gminy w Powiatach na literę Ł - Statystyki

Ogólne statystyki
  • Ten quiz został rozwiązany 19 razy
  • Średni wynik to 17 z 70
Statystyki odpowiedzi
Powiaty Gminy % Poprawnych
łowicki Łowicz
93%
łańcucki Łańcut
87%
łaski Łask
87%
Łomża
87%
łęczycki Łęczyca
80%
łobeski Łobez
80%
łukowski Łuków
80%
Łuków
80%
łosicki Łosice
73%
łęczyński Łęczna
67%
łódzki wschodni Rzgów
47%
Koluszki
40%
Cyców
33%
Góra Świętej Małgorzaty
33%
Nieborów
33%
Piątek
33%
Tuszyn
33%
Andrespol
27%
Bielawy
27%
Daszyna
27%
Huszlew
27%
Nowogród
27%
Nowosolna
27%
Sarnaki
27%
Witonia
27%
Brójce
20%
Buczek
20%
Chąśno
20%
Kiernozia
20%
Kocierzew Południowy
20%
Świnice Warckie
20%
Adamów
13%
Białobrzegi
13%
Czarna
13%
Domaniewice
13%
Ludwin
13%
Łyszkowice
13%
Markowa
13%
Piątnica
13%
Puchaczów
13%
Sędziejowice
13%
Śniadowo
13%
Stoczek Łukowski
13%
Stoczek Łukowski
13%
Węgorzyno
13%
Widawa
13%
Żołynia
13%
Dobra
7%
łomżyński Jedwabne
7%
Krzywda
7%
Miastkowo
7%
Milejów
7%
Olszanka
7%
Platerów
7%
Radowo Małe
7%
Resko
7%
Spiczyn
7%
Wodzierady
7%
Wojcieszków
7%
Wola Mysłowska
7%
Zduny
7%
Grabów
0%
Przytuły
0%
Rakszawa
0%
Serokomla
0%
Stanin
0%
Stara Kornica
0%
Trzebieszów
0%
Wizna
0%
Zbójna
0%
Nie znaleziono quizów pasujących do podanych kryteriów
Rozkład punktacji
Procent ludzi z każdym wynikiem
Percentyl według liczby udzielonych odpowiedzi
Twoja historia wyników
Nie rozwiązałeś tego quizu